000 00581nam a2200217Ia 4500
001 52729
005 20240114005316.0
007 ta
008 101012s2008 g b000 u u
040 _aCotton College ,Guwa
082 _a928
_bBr 72 Sa
100 _aBrahma, Anil Kumar .
245 0 _aSatish Chandra Basumatary /
_cAnil Kumar Brahma.
_hTextual Documents
260 _aGuwahati :
_bN L Publication ,
_c2008.
653 _aBiography-Bodo
653 _aDeptt-Bodo
942 _2ddc
_cBK
999 _c52692
_d52692